Foundations of Indian Knowledge and Skill Traditions: (Record no. 214774)

MARC details
000 -LEADER
fixed length control field 00636nam a22001937a 4500
005 - DATE AND TIME OF LATEST TRANSACTION
control field 20260210165453.0
010 ## - LCCN (DPL NO)
LC control number ENG-147780
020 ## - INTERNATIONAL STANDARD BOOK NUMBER
International Standard Book Number 9788199598348
Terms of availability 650.00
035 ## - SYSTEM CONTROL NUMBER
System control number EN-131312
037 ## - SOURCE OF ACQUISITION
Source of stock number/acquisition DBAD
082 ## - DEWEY DECIMAL CLASSIFICATION NUMBER
Classification number 485
Edition number 1
245 ## - TITLE STATEMENT
Title Foundations of Indian Knowledge and Skill Traditions:
Remainder of title From Rashabhraja to Modern India/
Statement of responsibility, etc Edited By Sejal Shah...[et.al]
250 ## - EDITION STATEMENT
Edition statement 1
260 ## - PUBLICATION, DISTRIBUTION, ETC. (IMPRINT)
Place of publication, distribution, etc Mumbai
Name of publisher, distributor, etc Khandwala Publishing House
Date of publication, distribution, etc 2025
270 ## - ADDRESS
Address Nagindas, Khandwala College-Empowered Autonomous, Malasd West
City Mumbai
Postal code 400064
300 ## - PHYSICAL DESCRIPTION
Extent 402p.
Dimensions 23cm(pb)
760 ## - MAIN SERIES ENTRY
Edition 1
942 ## - ADDED ENTRY ELEMENTS (KOHA)
Source of classification or shelving scheme Dewey Decimal Classification
Item type English Books
Classification part 485
Call number suffix FOU
Edition 1
Holdings
Withdrawn status Lost status Not for loan Collection code Home library Current library Date acquired Source of acquisition Cost, normal purchase price Full call number Barcode Copy number Cost, replacement price Koha item type
    Not For Loan Non-fiction D.B.Act.Division D.B.Act.Division 10/02/2026 Delivery of Books Act Division 650.00 485 FOU EN-131312 1 650.00 English Books

© Delhi Public Library
Hit Counter
free hit counter